000 00250 a2200109 4500
001 51226
040 _cAnchieta - Pituba
240 1 0 _aAula da Paixão 2014
_l
245 1 0 _aAula da Paixão 2014
650 4 _aLínguas espanhola e portuguesa
942 _cMX
999 _c51226
_d51226